| Tag |
First Indicator |
Second Indicator |
Subfields |
| LEADER |
00000cam a2200000ui 4500 |
| 001 |
in00001517421 |
| 005 |
20151021102407.0 |
| 008 |
991011s1999 fr 000 0 eng d |
| 020 |
|
|
|a 9264171177
|
| 035 |
|
|
|a (OCoLC)42651067
|
| 035 |
|
|
|9 AJL1227AM
|
| 040 |
|
|
|a TZT
|b fre
|c TZT
|d TXA
|d UtOrBLW
|
| 049 |
|
|
|a TXAM
|
| 072 |
|
7 |
|a TK
|2 lcco
|
| 082 |
1 |
4 |
|a 620
|2 1
|
| 090 |
|
|
|a TK9203.F3
|b O74 1999
|
| 110 |
2 |
|
|a OECD Nuclear Energy Agency.
|
| 245 |
1 |
0 |
|a Proceedings of the workshop on advanced reactors with innovative fuels :
|b Villigen, Switzerland, 21-23 October 1998 /
|c Organisation for Economic Co-operation and Development.
|
| 264 |
|
1 |
|a Paris :
|b Organisation for Economic Co-operation and Development,
|c 1999.
|
| 300 |
|
|
|a 459 pages
|
| 336 |
|
|
|a text
|b txt
|2 rdacontent
|
| 337 |
|
|
|a unmediated
|b n
|2 rdamedia
|
| 338 |
|
|
|a volume
|b nc
|2 rdacarrier
|
| 490 |
1 |
|
|a OECD proceedings
|
| 650 |
|
0 |
|a Fast reactors
|x Congresses.
|
| 650 |
|
0 |
|a Nuclear reactors
|v Congresses.
|
| 650 |
|
0 |
|a Nuclear engineering
|v Congresses.
|
| 830 |
|
0 |
|a OECD proceedings.
|
| 948 |
|
|
|a c:blr
|
| 999 |
|
|
|a MARS
|
| 999 |
f |
f |
|s 069b0f63-c123-39d9-a2df-c5b04952d2fd
|i 2eaeebe9-6c75-386e-a340-3a49cb26417f
|t 0
|
| 952 |
f |
f |
|p ric
|a Texas A&M University
|b Rellis Campus
|c Joint Library Facility
|d Remote Storage
|t 0
|e TK9203.F3 O74 1999
|h Library of Congress classification
|i unmediated -- volume
|m A14825255512
|
| 998 |
f |
f |
|a TK9203.F3 O74 1999
|t 0
|l Remote Storage
|